| 000 | 00590nam a22002057a 4500 | ||
|---|---|---|---|
| 005 | 20240315155930.0 | ||
| 010 | _aENG-139724 | ||
| 020 |
_c300.00 _a9788190619127 |
||
| 035 | _aEN-123256 | ||
| 037 | _bDBAD/PUB | ||
| 082 |
_a808.883 _21 |
||
| 100 |
_aJai Shetty _963449 |
||
| 245 |
_aLaugjhing Gas / _cJai Shetty _hEnglish |
||
| 250 | _a1 | ||
| 260 |
_aAnna Nagar West _bMind Power TM Publication _c2016 |
||
| 270 |
_a359,North Main Road , _bChennai _e600101 |
||
| 300 |
_a157pages _c21cm(hbk) |
||
| 700 |
_aJai Shetty _960069 |
||
| 942 |
_2ddc _cEN _h808.883 _mSHE _e1 |
||
| 999 |
_c201540 _d201540 |
||